Enseñanza de la nutrición : (Record no. 123768)

MARC details
000 -CABECERA
campo de control de longitud fija 00721nam a2200217 a 4500
005 - FECHA Y HORA DE LA ÚLTIMA TRANSACCIÓN
campo de control 20210219155751.0
008 - ELEMENTOS DE LONGITUD FIJA--INFORMACIÓN GENERAL
campo de control de longitud fija 070903s1975 mx r 000 0 spa d
020 ## - NÚMERO INTERNACIONAL NORMALIZADO PARA LIBROS
Número Internacional Estándar del Libro 9233012875
035 ## - NÚMERO DE CONTROL DEL SISTEMA
Número de control de sistema UPN01000151632
049 ## - COLECCIÓN
Colección CG
050 #4 - SIGNATURA TOPOGRÁFICA DE LA BIBLIOTECA DEL CONGRESO
Número de clasificación LB1587 N8
Número de documento/Ítem G7.3
100 1# - ASIENTO PRINCIPAL--NOMBRE PERSONAL
Nombre de persona Griffin, A.
245 10 - MENCIÓN DE TÍTULO
Título Enseñanza de la nutrición :
Resto del título concepción idoneida y adaptación de los programas de estudio /
Mención de responsabilidad, etc. A. Griffin, Luise Light.
260 ## - PUBLICACIÓN, DISTRIBUCIÓN, ETC.
Lugar de publicación, distribución, etc. París :
Nombre del editor, distribuidor, etc. UNESCO,
Fecha de publicación, distribución, etc. 1975.
300 ## - DESCRIPCIÓN FÍSICA
Extensión 60 p.
440 #0 - MENCIÓN DE SERIE/ASIENTO SECUNDARIO--TÍTULO
Título Estudios y documentos de educación ;
Designación de volumen o secuencia 18
Nombre de parte o sección de la obra Nueva serie
500 ## - NOTA GENERAL
Nota general "Serie publicada en español, frances e inglés"
650 #4 - ASIENTO SECUNDARIO DE MATERIA - TERMINO TEMATICO
Término de materia o nombre geográfico como elemento de entrada NUTRICION -
Subdivisión de forma PLANES Y PROGRAMAS
700 1# - ASIENTO SECUNDARIO--NOMBRE DE PERSONAL
Nombre de persona Light, Luise,
Término indicativo de función/relación coaut.
905 ## - TIPO DE MATERIAL
Tipo de material Libro
Holdings
Estado de retiro Estado de pérdida Fuente del sistema de clasificación o colocación Estado dañado No para préstamo Código de colección Localización permanente Ubicación/localización actual Ubicación en estantería Total de préstamos Clasificación Código de barras Fecha visto por última vez Número de copia Tipo de ítem Koha
    Library of Congress Classification     Colección General Bib. Gregorio Torres Quintero Bib. Gregorio Torres Quintero Planta baja 5 LB1587 N8 G7.3 29250 31/12/2020 1 Libro